Vista normal
Vista MARC
Entrada Personal Name
Número de registros utilizados en: 1
001 - CONTROL NUMBER
- control field: 58908
003 - CONTROL NUMBER IDENTIFIER
- control field: OSt
005 - DATE AND TIME OF LATEST TRANSACTION
- control field: 20250227145300.0
008 - FIXED-LENGTH DATA ELEMENTS
- fixed length control field: 250227|| aca||aabn | a|a d
040 ## - CATALOGING SOURCE
- Original cataloging agency: OSt
- Transcribing agency: OSt
100 ## - HEADING--PERSONAL NAME
- Personal name: Teillet, Benoit
- Dates associated with a name: autor
670 ## - SOURCE DATA FOUND
- Source citation: Work cat.: (OSt)56984: Defossez, Jean-Marie 1971- autor 58903, 1,2,3, ¡Respiro! : 40 juegos de respiración antiestrés